Online
Catalog

Justicia y comunidad : (Record no. 48465)

MARC details
000 -CABECERA
campo de control de longitud fija 00787nam a2200205 a 4500
001 - NÚMERO DE CONTROL
campo de control 000048977
005 - FECHA Y HORA DE LA ÚLTIMA TRANSACCIÓN
campo de control 20201002061547.0
008 - DATOS DE LONGITUD FIJA--INFORMACIÓN GENERAL
campo de control de longitud fija 190510s2016 dr a r 000 0 spa d
020 ## - NÚMERO INTERNACIONAL ESTÁNDAR DEL LIBRO
Número Internacional Estándar del Libro 9789945585247
040 ## - FUENTE DE LA CATALOGACIÓN
Centro catalogador/agencia de origen DO-SdBNP
Lengua de catalogación spa
Centro/agencia transcriptor BNPHU
082 ## - NÚMERO DE LA CLASIFICACIÓN DECIMAL DEWEY
Número de clasificación xxxx
Número de documento/Ítem xxxx
110 1# - ENTRADA PRINCIPAL--NOMBRE DE ENTIDAD CORPORATIVA
Nombre de entidad corporativa o nombre de jurisdicción como elemento de entrada República Dominicana
Unidad subordinada Poder Judicial
9 (RLIN) 15992
245 10 - MENCIÓN DE TÍTULO
Título Justicia y comunidad :
Resto del título ¿qué es el Poder Judicial de República Dominicana /
Mención de responsabilidad, etc. colaboradores Julio Aníbal Suárez, Samuel Arias Arseno, Pedro A. Sánchez Rivera.
260 ## - PUBLICACIÓN, DISTRIBUCIÓN, ETC.
Lugar de publicación, distribución, etc. Santo Domingo :
Nombre del editor, distribuidor, etc. Poder Judicial,
Fecha de publicación, distribución, etc. 2016.
300 ## - DESCRIPCIÓN FÍSICA
Extensión 74 p. :
Otras características físicas il., ;
Dimensiones 28 cm.
590 ## - NOTA LOCAL (RLIN)
Nota local Inventariado, 2019/BT
700 1# - PUNTO DE ACCESO ADICIONAL--NOMBRE DE PERSONA
Nombre de persona Suárez, Julio Aníbal,
Término indicativo de función/relación col.
9 (RLIN) 6537
700 1# - PUNTO DE ACCESO ADICIONAL--NOMBRE DE PERSONA
Nombre de persona Arias Arseno, Samuel,
Término indicativo de función/relación col.
9 (RLIN) 76406
700 1# - PUNTO DE ACCESO ADICIONAL--NOMBRE DE PERSONA
Nombre de persona Sánchez Rivera, Pedro A.,
Término indicativo de función/relación col.
9 (RLIN) 76407
Holdings
Estado de retiro Estado de pérdida Restricciones de uso No para préstamo Código de colección Localización permanente Ubicación/localización actual Ubicación en estantería Fecha de adquisición Número de inventario Total de préstamos Signatura topográfica completa Código de barras Fecha visto por última vez Número de copia Precio válido a partir de Tipo de ítem Koha
        Dominicana de Servicio General General Depósito 10.05.2019 LF1   xxxx xxxx 48977-30 25.06.2020 e.3 25.06.2020 Libro y Folleto Colección Dominicana de Servicio
      Excluido de préstamo Patrimonio Dominicano Patrimonio Dominicano Patrimonio Dominicano Depósito 10.05.2019 LF1   xxxx xxxx 48977-10 25.06.2020   25.06.2020 Libro y Folleto Colección Patrimonio Dominicano
      Excluido de préstamo Patrimonio Dominicano Patrimonio Dominicano Patrimonio Dominicano Depósito 10.05.2019 LF1   xxxx xxxx 48977-20 25.06.2020 e.2 25.06.2020 Libro y Folleto Colección Patrimonio Dominicano

Powered by Koha